000 00409nam a2200145Ia 4500
008 231129s1998||||xx |||||||||||||| ||spa||
020 _a958-04-2619-8
040 _bspa
082 _a651.4 G643p
100 _aGonzalez de Rios Beatriz
245 0 _aProcedimientos de oficina : una nueva dimension secretarial
260 _c1998
264 _aNorma
942 _2ddc
_cBKS
999 _c23281
_d23281